| 000 | 00924na a2200253 4500 | ||
|---|---|---|---|
| 001 | 20259 | ||
| 003 | MIRAKIL | ||
| 005 | 20181213154735.0 | ||
| 008 | 170116b tu 000 0 | ||
| 020 | _a9754826455 | ||
| 040 |
_aMilas _btur _cTR-AnCHP |
||
| 041 | _atur | ||
| 082 |
_a379.561 _bK79 2004 |
||
| 090 | _a379.561 K79 2004 | ||
| 245 |
_aKöy Enstitüleri ve öğretmen yetiştirme _bpanel tartışmaları 26 Nisan 2002-21 Mayıs 2004 _cyayıma hazırlayanlar Ayşe Çakır İlhan, Fatma Hazır Bıkmaz |
||
| 260 |
_aAnkara _bAnkara Üniversitesi Eğitim Bilimleri Fakültesi Yayınları _c2004 |
||
| 300 |
_a74 s. _c23 sm. |
||
| 490 |
_aAnkara Üniversitesi Eğitim Bilimleri Fakültesi Yayınları _v195 |
||
| 650 |
_aKöy enstitüleri _xTartışmalar |
||
| 650 |
_aKöy enstitüleri _xÖğretmen yetiştirme _zTürkiye |
||
| 700 | _aBıkmaz, Fatma Hazır | ||
| 700 | _aİlhan, Ayşe Çakır | ||
| 942 |
_2ddc _cBKS |
||
| 999 |
_c136 _d136 |
||